| 000 | 00406nam a22001817a 4500 | ||
|---|---|---|---|
| 003 | OSt | ||
| 005 | 20220124105701.0 | ||
| 008 | 220124b |||||||| |||| 00| 0 eng d | ||
| 020 | _a8120402154 | ||
| 040 | _cHU | ||
| 082 | _a628.309773 | ||
| 100 |
_aRao M. N. _928426 |
||
| 245 | _aWaste Water Treatment | ||
| 250 | _a2ed | ||
| 260 |
_aNew Delhi _bNew Delhi |
||
| 300 | _f340 | ||
| 942 |
_2ddc _cBOOKS _n0 |
||
| 999 |
_c27604 _d27604 |
||